000 01264nam0a2200289 4500
001 RU\NLR\BIBL_A\011218206
005 20260413144557.0
035 _a(NLR Aleph) 011218206
090 _a13329288
_c13329288
100 _a20160924d1942 m y0rusy50 ca
101 0 _akir
102 _aKG
105 _ay z 000yy
200 1 _aСогушта колго түшкѳн немецтердин үнү
_e[немецтердин колго түшкѳн солдаттарынын биринчи конференцисынан]
210 _aФрунзе
_cКыргызмамбас
_d1942
215 _a11 с.
_d14
541 1 _aГолос немецких военнопленных
_eс первой конференции немецких военнопленных солдат
606 1 _aВоеннопленные немецкие
_jСъезды, совещания и т.п
_yСССР
_z1941 - 1956
_92252545
_3RU\NLR\AUTH\661351036
686 1 _aТ3(2)722.83я431
686 1 _aЦ35(2)722-082,1я431
852 _aNLR
_bОНЛ
_jКирг./1-217
852 _aNLR
_bОНЛ
_jКирг./1-217
942 _cBOOK
945 _aРоссийская национальная библиотека
980 _aNB
980 _aBV